000 00954nam a2200277 i 4500
001 000027895
003 DO-SdBNP
005 20241028110217.0
006 a||||gr|||| 00| 0
007 ta
008 110405e1985 dr ac r 000 | spa d
040 _aDO-SdBNP
_bspa
_cBNPHU
_erda
082 4 _axxx
_bE77C
_222
100 1 _aCampillo Pérez, Julio G.,
_d1922-
_96912
_eautor
245 1 0 _aUlises Francisco Espaillat :
_bapóstol de la democracia /
_cJulio Genaro Campillo Pérez.
264 _aSanto Domingo :
_bLotería Nacional,
_c1985.
300 _a59 páginas :
_bilustraciones ;
_c20 cm.
336 _ardacontent
_btexto
_2txt
337 _ardamedia
_bsin mediación
_2n
338 _ardacarrier
_bvolumen
_2nc
500 _aPublicación de la Lotería Nacional en el primer centenario de la provincia Espaillat.
590 _aInventariado, 2024 / MF
650 4 _aEspaillat, Ulises Francisco
_y1823-1878
_986771
910 _aMF
942 _2ddc
_cLBS1
999 _c27387
_d27387